000 00439nam a2200181Ia 4500
005 20240823041634.0
008 240823s9999||||xx |||||||||||||| ||und||
041 _aENGLISH
082 _A659.1 N3
100 _a"Stansfield,Richard H"
245 0 _aAdvertising Manager s handbook
250 _a3rd
260 _c1993
_b"UBS,New Delhi"
500 _aYES
650 _aManagement
_bManagement Studies
942 _cBK
999 _c205976
_d205976